Parallel processing systems / (Record no. 176308)
[ view plain ]
| 000 -LEADER | |
|---|---|
| fixed length control field | 00903 a2200181 4500 |
| 003 - CONTROL NUMBER IDENTIFIER | |
| control field | Nust |
| 005 - DATE AND TIME OF LATEST TRANSACTION | |
| control field | 20230526145413.0 |
| 010 ## - LIBRARY OF CONGRESS CONTROL NUMBER | |
| LC control number | 81038445 |
| 040 ## - CATALOGING SOURCE | |
| Transcribing agency | Nust |
| 082 00 - DEWEY DECIMAL CLASSIFICATION NUMBER | |
| Classification number | 004.35,PAR |
| 245 00 - TITLE STATEMENT | |
| Title | Parallel processing systems / |
| Statement of responsibility, etc. | edited by David J. Evans. |
| 260 ## - PUBLICATION, DISTRIBUTION, ETC. | |
| Place of publication, distribution, etc. | Cambridge [Cambridgeshire] ; |
| -- | New York : |
| Name of publisher, distributor, etc. | Cambridge University Press, |
| Date of publication, distribution, etc. | 1982. |
| 300 ## - PHYSICAL DESCRIPTION | |
| Extent | 399 p. : |
| Other physical details | ill. ; |
| Dimensions | 24 cm. |
| 505 ## - FORMATTED CONTENTS NOTE | |
| Formatted contents note | PART-1: Parallel and Distributed Computer Systems (Page-1), PART-2: Analysis of Parallel Programming Systems (Page-75), PART-3: The Lough borough MIMD Parallel Processor System (Page-143), PART-4: SIMD Architectures and Languages (Page-193), PART-5: Data Flow Processors: Design and Organization (Page-239), PART-6: Parallel Computer Algorithms (Page-285). |
| 650 #0 - SUBJECT ADDED ENTRY--TOPICAL TERM | |
| Topical term or geographic name entry element | Parallel processing (Electronic computers) |
| 9 (RLIN) | 36595 |
| 700 1# - ADDED ENTRY--PERSONAL NAME | |
| Personal name | Evans, David J. |
| 9 (RLIN) | 95369 |
| 942 ## - ADDED ENTRY ELEMENTS (KOHA) | |
| Source of classification or shelving scheme | |
| Koha item type | Book |
| Call number prefix | 004.35,PAR |
| Withdrawn status | Lost status | Source of classification or shelving scheme | Damaged status | Not for loan | Permanent Location | Current Location | Shelving location | Date acquired | Full call number | Barcode | Date last seen | Price effective from | Koha item type | Public note |
|---|---|---|---|---|---|---|---|---|---|---|---|---|---|---|
| Military College of Signals (MCS) | Military College of Signals (MCS) | General Stacks | 12/12/2016 | 004.35,PAR | MCS454 | 12/08/2016 | 12/12/2016 | Book | Almirah No.79, Shelf No.5 | |||||
| Military College of Signals (MCS) | Military College of Signals (MCS) | General Stacks | 12/12/2016 | 004.35,PAR | MCS455 | 12/08/2016 | 12/12/2016 | Book | Almirah No.79, Shelf No.5 | |||||
| Military College of Signals (MCS) | Military College of Signals (MCS) | General Stacks | 12/12/2016 | 004.35,PAR | MCS456 | 12/08/2016 | 12/12/2016 | Book | Almirah No.2, Self No.5 |
